Red Blood Cells,White Blood Cells or Platelets - Statistics

General Stats
  • This quiz has been taken 46 times
  • The average score is 10 of 12
Answer Stats
Question Answer % Correct
Shape: Tiny cell fragments Platelets
100%
Primary function: Blood clotting Platelets
100%
Shape: Bi-concave disc Red Blood Cells
100%
Primary function: Transport Oxygen and Carbon Dioxide Red Blood Cells
100%
Primary function: Combat infection White Blood Cells
100%
Secondary name: Thrombocytes Platelets
83%
Shape: Variable, amoeboid White Blood Cells
83%
Origin: Bone marrow and lymphoid tissue White Blood Cells
83%
Secondary name: Leukocytes White Blood Cells
83%
Secondary name: Erythrocytes Red Blood Cells
67%
Origin: Megakaryocytes in red bone marow Platelets
50%
Origin: Proerythroblasts in red bone marrow Red Blood Cells
50%
No matching quizzes found
Score Distribution
Percent of People with Each Score
Percentile by Number Answered
Your Score History
You have not taken this quiz